000 00407nam a2200145Ia 4500
008 210210b1977 xxu||||| |||| 00| 0 eng d
082 _a503 MCGR
100 _aMcGRAW-HILL
245 _aEncyclopaedia of science and technology.15 V.V15-index.
260 _aLondon
_bMcGraw Hill Co.
_c1977
300 _a513
650 _aEncyclopaedia Science and Technology
690 _aPure Sciences
906 _aSG01619
999 _c113179
_d113179